<?xml version="1.0" encoding="UTF-8"?>
<collection xmlns="http://www.loc.gov/MARC21/slim">
<record>
  <controlfield tag="001">109020</controlfield>
  <controlfield tag="005">20240522103111.0</controlfield>
  <datafield tag="024" ind1="7" ind2=" ">
    <subfield code="2">doi</subfield>
    <subfield code="a">10.26754/ojs_ondina/ond.202165900</subfield>
  </datafield>
  <datafield tag="024" ind1="8" ind2=" ">
    <subfield code="2">sideral</subfield>
    <subfield code="a">125298</subfield>
  </datafield>
  <datafield tag="037" ind1=" " ind2=" ">
    <subfield code="a">ART-2021-125298</subfield>
  </datafield>
  <datafield tag="041" ind1=" " ind2=" ">
    <subfield code="a">spa</subfield>
  </datafield>
  <datafield tag="100" ind1=" " ind2=" ">
    <subfield code="a">Luengo Gascón, Elvira</subfield>
    <subfield code="u">Universidad de Zaragoza</subfield>
    <subfield code="0">(orcid)0000-0003-3362-5368</subfield>
  </datafield>
  <datafield tag="245" ind1=" " ind2=" ">
    <subfield code="a">Transmedialidad, multimodalidad, semiótica y "heroic fantasy" en la literatura infantil y juvenil de la era digital</subfield>
  </datafield>
  <datafield tag="260" ind1=" " ind2=" ">
    <subfield code="c">2021</subfield>
  </datafield>
  <datafield tag="506" ind1="0" ind2=" ">
    <subfield code="a">Access copy available to the general public</subfield>
    <subfield code="f">Unrestricted</subfield>
  </datafield>
  <datafield tag="520" ind1="3" ind2=" ">
    <subfield code="a">La investigación actual explora la interrelación que existe entre los modos verbales y visuales
del libro álbum para la creación de libros interesantes para los jóvenes como afirman Salysbury and
Styles (2019), Sipe (2012), Arizpe, Farrell y McAdams (2013). Kümmerling-Meibauer (2018) indica
la necesidad de adoptar enfoques interdisciplinares que contemplen, además de los estudios literarios y
narrativos sobre el libro álbum, los estudios lingüísticos, los de historia del arte, las teorías cognitivas
o los enfoques psicológicos para abordar el potencial comunicativo que nace de la interacción entre
el modo verbal y la ilustración en textos multimodales o bimodales. Así lo recogen A. Jesús Moya
y Cristina Cañamares (2020) en su libro Libros álbum que desafían los estereotipos de género y el
concepto de familia tradicional. Por otro lado, Teresa Durán, en Álbumes y otras lecturas. Análisis
de los libros infantiles (2009) estudia la especificidad de la ilustración, en cuanto al álbum aborda el
tema de la interacción de los lenguajes y señala que “La vía comunicativa que sustenta la ilustración
como una búsqueda de las posibilidades del lenguaje visual es la vía de la investigación semiológica”
(p. 114). Entre los variados tipos de objetos ilustrados, el álbum es el soporte narrativo que presenta
una mayor vastedad de interferencias entre los recursos comunicativos de los lenguajes.</subfield>
  </datafield>
  <datafield tag="540" ind1=" " ind2=" ">
    <subfield code="9">info:eu-repo/semantics/openAccess</subfield>
    <subfield code="a">by</subfield>
    <subfield code="u">http://creativecommons.org/licenses/by/3.0/es/</subfield>
  </datafield>
  <datafield tag="655" ind1=" " ind2="4">
    <subfield code="a">info:eu-repo/semantics/article</subfield>
    <subfield code="v">info:eu-repo/semantics/publishedVersion</subfield>
  </datafield>
  <datafield tag="710" ind1="2" ind2=" ">
    <subfield code="1">4013</subfield>
    <subfield code="2">195</subfield>
    <subfield code="a">Universidad de Zaragoza</subfield>
    <subfield code="b">Dpto. Didácticas Específicas</subfield>
    <subfield code="c">Área Didáctica Lengua y Liter.</subfield>
  </datafield>
  <datafield tag="773" ind1=" " ind2=" ">
    <subfield code="g">6 (2021), 1-11</subfield>
    <subfield code="p">Ondina ondine</subfield>
    <subfield code="t">Ondina, ondine</subfield>
    <subfield code="x">2605-0285</subfield>
  </datafield>
  <datafield tag="856" ind1="4" ind2=" ">
    <subfield code="s">1007666</subfield>
    <subfield code="u">http://zaguan.unizar.es/record/109020/files/texto_completo.pdf</subfield>
    <subfield code="y">Versión publicada</subfield>
  </datafield>
  <datafield tag="856" ind1="4" ind2=" ">
    <subfield code="s">1784007</subfield>
    <subfield code="u">http://zaguan.unizar.es/record/109020/files/texto_completo.jpg?subformat=icon</subfield>
    <subfield code="x">icon</subfield>
    <subfield code="y">Versión publicada</subfield>
  </datafield>
  <datafield tag="909" ind1="C" ind2="O">
    <subfield code="o">oai:zaguan.unizar.es:109020</subfield>
    <subfield code="p">articulos</subfield>
    <subfield code="p">driver</subfield>
  </datafield>
  <datafield tag="951" ind1=" " ind2=" ">
    <subfield code="a">2024-05-22-10:20:43</subfield>
  </datafield>
  <datafield tag="980" ind1=" " ind2=" ">
    <subfield code="a">ARTICLE</subfield>
  </datafield>
</record>
</collection>